[Event "Women's Speed Chess GP3"]
[Site "chess.com INT"]
[Date "2020.07.08"]
[Round "1.9"]
[White "Ju, Wenjun"]
[Black "Mammadzada, Gunay"]
[Result "1-0"]
[WhiteTitle "GM"]
[BlackTitle "IM"]
[WhiteElo "2560"]
[BlackElo "2443"]
[WhiteFideId "8603006"]
[BlackFideId "13403729"]
[EventDate "2020.07.08"]
[EventType "k.o. blitz"]

1. d4 Nf6 2. c4 e6 3. Nf3 Bb4+ 4. Bd2 a5 5. g3 d5 6. Bg2 O-O 7. a3 Bxd2+ 8.
Nbxd2 Nbd7 9. O-O b6 10. Rc1 Bb7 11. c5 c6 12. cxb6 Qxb6 13. Qc2 Rfc8 14. Qb3
Ba6 15. Qxb6 Nxb6 16. Rfe1 Nfd7 17. e4 a4 18. Rc3 c5 19. dxc5 Rxc5 20. Rec1 Rxc3
21. Rxc3 Rb8 22. h3 dxe4 23. Nxe4 Nd5 24. Rc6 Bd3 25. Nc5 Nxc5 26. Rxc5 Kf8 27.
Ne5 Rb3 28. Bxd5 exd5 29. Rxd5 Be4 30. Rd4 Bb7 31. Rxa4 Rxb2 32. Rb4 Rxb4 33.
axb4 f6 34. Nd3 Ke7 35. f4 Kd6 36. Kf2 Kd5 37. Ke3 Kc4 38. Nc5 Bg2 39. Ne6 g6
40. h4 Kxb4 41. Nf8 Bd5 42. Nxh7 f5 43. Nf6 Bf7 44. Kd4 Kb3 45. Ke5 Kc3 46. Nd7
Kd3 47. Kf6 Be8 48. Ne5+ Ke3 49. Nxg6 Kf3 50. h5 Kxg3 51. h6 1-0

[Event "Women's Speed Chess GP3"]
[Site "chess.com INT"]
[Date "2020.07.08"]
[Round "1.10"]
[White "Mammadzada, Gunay"]
[Black "Ju, Wenjun"]
[Result "0-1"]
[WhiteTitle "IM"]
[BlackTitle "GM"]
[WhiteElo "2443"]
[BlackElo "2560"]
[WhiteFideId "13403729"]
[BlackFideId "8603006"]
[EventDate "2020.07.08"]
[EventType "k.o. blitz"]

1. e4 e5 2. Nf3 Nc6 3. Bb5 d6 4. O-O g6 5. d4 exd4 6. Qxd4 Qf6 7. Qa4 Bd7 8. Bd2
Qe7 9. Bc3 f6 10. Nbd2 Nh6 11. Nc4 Bg7 12. Qb3 a6 13. Bxc6 Bxc6 14. Rfe1 Qf7 15.
Na5 Qxb3 16. axb3 Nf7 17. Nxc6 bxc6 18. Nd4 Kd7 19. f4 Rhe8 20. f5 Ng5 21. g4
Rxe4 22. Rxe4 Nxe4 23. Ne6 Bh6 24. Bd4 gxf5 25. gxf5 Rg8+ 26. Kf1 c5 27. Bf2 Ng5
28. Nxg5 Rxg5 29. Rxa6 Rxf5 30. Kg2 Bc1 31. Ra8 Bxb2 32. Rh8 Rg5+ 33. Kf3 Rg7
34. Bh4 Ke6 35. Re8+ Re7 36. Rf8 Be5 37. c4 c6 38. Ke4 d5+ 39. Kd3 Rb7 40. Kc2
Ra7 41. Rc8 Ra2+ 42. Kd3 Kd7 43. Rh8 Rb2 44. Rxh7+ Ke6 45. cxd5+ cxd5 46. Rb7
c4+ 47. Ke3 cxb3 48. Rb6+ Kf5 49. Kd3 Rb1 0-1

[Event "Women's Speed Chess GP3"]
[Site "chess.com INT"]
[Date "2020.07.08"]
[Round "1.1"]
[White "Cori T., Deysi"]
[Black "Ushenina, Anna"]
[Result "1/2-1/2"]
[WhiteTitle "WGM"]
[BlackTitle "GM"]
[WhiteElo "2388"]
[BlackElo "2416"]
[WhiteFideId "3801934"]
[BlackFideId "14110911"]
[EventDate "2020.07.08"]
[EventType "k.o. blitz"]

1. b3 d5 2. Bb2 c5 3. Nf3 f6 4. e3 e5 5. Bb5+ Bd7 6. Bxd7+ Qxd7 7. O-O Nc6 8. d4
cxd4 9. exd4 e4 10. Nfd2 f5 11. c4 Nf6 12. Nc3 Bb4 13. cxd5 Nxd5 14. Ndxe4 Bxc3
15. Nxc3 O-O 16. Qf3 Rad8 17. Rad1 Rfe8 18. h3 Qe6 19. Rd2 Nxc3 20. Bxc3 Qd5 21.
Qg3 Rd6 22. Rd3 Re4 23. Qf3 Ree6 24. Qf4 Re4 25. Qf3 Ree6 26. Qf4 Re4 27. Qf3 1/2-1/2

[Event "Women's Speed Chess GP3"]
[Site "chess.com INT"]
[Date "2020.07.08"]
[Round "1.2"]
[White "Ushenina, Anna"]
[Black "Cori T., Deysi"]
[Result "1-0"]
[WhiteTitle "GM"]
[BlackTitle "WGM"]
[WhiteElo "2416"]
[BlackElo "2388"]
[WhiteFideId "14110911"]
[BlackFideId "3801934"]
[EventDate "2020.07.08"]
[EventType "k.o. blitz"]

1. d4 Nf6 2. Nf3 e6 3. Bf4 c5 4. e3 Qb6 5. Na3 cxd4 6. Nb5 Nd5 7. Qxd4 Qxd4 8.
Nfxd4 Nxf4 9. exf4 Kd8 10. Nf3 f6 11. O-O-O Nc6 12. g3 Bc5 13. Rd2 a6 14. Nd6
Ke7 15. Ne4 Ba7 16. Nd6 Bc5 17. Ne4 Ba7 18. Nd6 Bb8 19. Nxc8+ Rxc8 20. Bg2 Ba7
21. Rhd1 Rc7 22. Kb1 b5 23. f5 Rd8 24. Nh4 e5 25. f4 Bb6 26. c3 Na5 27. Rd6 Nc4
28. fxe5 fxe5 29. R6d3 Ne3 30. Re1 Nxg2 31. Nxg2 d6 32. Nf4 Rb7 33. Nd5+ Kf7 34.
g4 Rdd7 35. Nxb6 Rxb6 36. Rxe5 b4 37. c4 dxe5 38. Rxd7+ Kf6 39. Kc2 Rc6 40. b3
e4 41. Kd2 h5 42. h3 hxg4 43. hxg4 a5 44. Ke3 Kg5 45. Rxg7+ Kh4 46. Kxe4 1-0

[Event "Women's Speed Chess GP3"]
[Site "chess.com INT"]
[Date "2020.07.08"]
[Round "1.3"]
[White "Cori T., Deysi"]
[Black "Ushenina, Anna"]
[Result "1/2-1/2"]
[WhiteTitle "WGM"]
[BlackTitle "GM"]
[WhiteElo "2388"]
[BlackElo "2416"]
[WhiteFideId "3801934"]
[BlackFideId "14110911"]
[EventDate "2020.07.08"]
[EventType "k.o. blitz"]

1. Nf3 d5 2. e3 Nf6 3. b3 g6 4. Bb2 Bg7 5. g3 O-O 6. Bg2 c5 7. O-O Nc6 8. d3 Re8
9. Ne5 Nxe5 10. Bxe5 b6 11. c4 Bb7 12. Nc3 Qd7 13. Rc1 Rad8 14. Bxf6 Bxf6 15.
Nxd5 Bb2 16. Rc2 Bg7 17. h4 e6 18. Nf4 Bxg2 19. Kxg2 Be5 20. Rd2 Bc3 21. Rc2 Be5
22. Rd2 Bc3 23. Rc2 Be5 1/2-1/2

[Event "Women's Speed Chess GP3"]
[Site "chess.com INT"]
[Date "2020.07.08"]
[Round "1.4"]
[White "Ushenina, Anna"]
[Black "Cori T., Deysi"]
[Result "1-0"]
[WhiteTitle "GM"]
[BlackTitle "WGM"]
[WhiteElo "2416"]
[BlackElo "2388"]
[WhiteFideId "14110911"]
[BlackFideId "3801934"]
[EventDate "2020.07.08"]
[EventType "k.o. blitz"]

1. d4 Nf6 2. Nf3 e6 3. Bf4 c5 4. c3 cxd4 5. cxd4 Qb6 6. Qc2 Nc6 7. e3 Bb4+ 8.
Nc3 Nd5 9. Bg3 Qa5 10. Rc1 Qxa2 11. Bd3 Nxc3 12. bxc3 Qxc2 13. Rxc2 Be7 14. O-O
d5 15. Ra2 O-O 16. Rb1 a6 17. e4 h6 18. Bc7 Na7 19. Ne5 b5 20. Bb6 Bb7 21. Bxa7
Rxa7 22. Bxb5 dxe4 23. Bc6 Bxc6 24. Nxc6 Rc7 25. Rxa6 Bf6 26. Kf1 Rfc8 27. Rbb6
g5 28. Ke2 Bd8 29. Ke3 Rd7 30. Rb8 Rxb8 31. Nxb8 Rb7 32. Nc6 Bf6 33. Kxe4 Rb1
34. h3 h5 35. c4 Rg1 36. Kf3 Rc1 37. c5 Rc4 38. Ke3 Bg7 39. Ra8+ Kh7 40. Ra5 f5
41. Ne5 Rc1 42. Ra6 f4+ 43. Kd3 Rg1 44. Rxe6 Rxg2 45. Ke2 Rg1 46. c6 Rc1 47. Re7
Kh6 48. c7 Bxe5 49. dxe5 Kg6 50. Rd7 Kf5 51. Kd2 Rc5 52. Rg7 g4 53. hxg4+ hxg4
54. Kd3 1-0

[Event "Women's Speed Chess GP3"]
[Site "chess.com INT"]
[Date "2020.07.08"]
[Round "1.5"]
[White "Cori T., Deysi"]
[Black "Ushenina, Anna"]
[Result "0-1"]
[WhiteTitle "WGM"]
[BlackTitle "GM"]
[WhiteElo "2388"]
[BlackElo "2416"]
[WhiteFideId "3801934"]
[BlackFideId "14110911"]
[EventDate "2020.07.08"]
[EventType "k.o. blitz"]

1. Nf3 d5 2. e3 Nf6 3. b3 e6 4. Bb2 Be7 5. c4 b6 6. cxd5 exd5 7. d4 O-O 8. Bd3
Bd6 9. O-O Bb7 10. Ne5 Re8 11. Nd2 a6 12. f4 c5 13. Kh1 Nc6 14. Rc1 Rc8 15. Qf3
cxd4 16. exd4 Nb4 17. Bb1 Rxc1 18. Rxc1 Qa8 19. a3 Nc6 20. Qh3 Ne7 21. Ng4 Ne4
22. Nxe4 dxe4 23. d5 Nxd5 24. Nh6+ gxh6 25. Qg4+ Kf8 26. Qg7+ Ke7 27. Bxe4 Rg8
28. Qxh6 Rg6 29. Qh4+ Ke8 30. Re1 Ne7 31. Bxg6 hxg6 32. Qh8+ Kd7 33. Qh3+ Ke8
34. Bf6 Be4 35. Re2 Qd5 0-1

[Event "Women's Speed Chess GP3"]
[Site "chess.com INT"]
[Date "2020.07.08"]
[Round "1.6"]
[White "Ushenina, Anna"]
[Black "Cori T., Deysi"]
[Result "1-0"]
[WhiteTitle "GM"]
[BlackTitle "WGM"]
[WhiteElo "2416"]
[BlackElo "2388"]
[WhiteFideId "14110911"]
[BlackFideId "3801934"]
[EventDate "2020.07.08"]
[EventType "k.o. blitz"]

1. d4 Nf6 2. Nf3 e6 3. Bf4 c5 4. e3 Qb6 5. Na3 cxd4 6. Nc4 Qb4+ 7. c3 dxc3 8. a3
c2+ 9. axb4 cxd1=Q+ 10. Kxd1 Nd5 11. Nd6+ Kd8 12. Nxf7+ Ke7 13. Nxh8 Nxf4 14.
exf4 Kf6 15. Bd3 g6 16. h4 Nc6 17. h5 Nxb4 18. Bb1 Bg7 19. hxg6 hxg6 20. Nxg6 d6
21. Ng5 d5 22. Ne5 Nc6 23. Ng4+ Ke7 24. Rh7 Kf8 25. Ra3 Bd7 26. Rah3 Nd4 27.
Rh8+ Bxh8 28. Rxh8+ Ke7 29. Rxa8 1-0

[Event "Women's Speed Chess GP3"]
[Site "chess.com INT"]
[Date "2020.07.08"]
[Round "1.7"]
[White "Cori T., Deysi"]
[Black "Ushenina, Anna"]
[Result "1-0"]
[WhiteTitle "WGM"]
[BlackTitle "GM"]
[WhiteElo "2388"]
[BlackElo "2416"]
[WhiteFideId "3801934"]
[BlackFideId "14110911"]
[EventDate "2020.07.08"]
[EventType "k.o. blitz"]

1. Nf3 d5 2. e3 Nf6 3. b3 c5 4. Bb2 a6 5. c4 dxc4 6. Bxc4 e6 7. O-O Nc6 8. d4
cxd4 9. Nxd4 Bd7 10. Qf3 Be7 11. Rd1 Qc7 12. Nd2 Nxd4 13. Bxd4 Bc6 14. Qh3 g5
15. Rac1 h5 16. Be2 Rh6 17. Nc4 g4 18. Qg3 Qxg3 19. hxg3 Nd5 20. e4 Nf6 21. Be3
Rh8 22. Nb6 Rd8 23. e5 Nd5 24. Nxd5 Bxd5 25. Rc7 Bc6 26. a4 Rxd1+ 27. Bxd1 Bd8
28. Rxc6 bxc6 29. Be2 a5 30. f3 gxf3 31. gxf3 Kd7 32. Kf2 Bc7 33. f4 h4 34. g4
Rb8 35. Bc4 Bb6 36. Bxb6 Rxb6 37. Kg2 Rb8 38. Kh3 Rh8 39. f5 Ke7 40. f6+ Kd7 41.
Be2 Rb8 42. Bc4 Rh8 43. Be2 Kc7 44. g5 Kb6 45. Bc4 Kc5 46. Bxe6 fxe6 47. g6 Kd5
48. g7 Rb8 49. f7 Rxb3+ 50. Kxh4 Rb4+ 51. Kg5 Rb1 52. f8=Q Rg1+ 53. Kh6 Rh1+ 54.
Kg6 Rg1+ 55. Kh7 Rh1+ 56. Kg8 Kxe5 57. Qc5+ Kf6 58. Qf2+ Ke7 59. Qa7+ Kf6 60.
Qxa5 Rg1 61. Qc3+ Ke7 62. Qc5+ 1-0

[Event "Women's Speed Chess GP3"]
[Site "chess.com INT"]
[Date "2020.07.08"]
[Round "1.8"]
[White "Ushenina, Anna"]
[Black "Cori T., Deysi"]
[Result "1-0"]
[WhiteTitle "GM"]
[BlackTitle "WGM"]
[WhiteElo "2416"]
[BlackElo "2388"]
[WhiteFideId "14110911"]
[BlackFideId "3801934"]
[EventDate "2020.07.08"]
[EventType "k.o. blitz"]

1. d4 Nf6 2. Nf3 e6 3. Bf4 c5 4. e3 b6 5. Nbd2 Bb7 6. Bd3 Nc6 7. c3 g6 8. O-O d5
9. h3 Bg7 10. e4 cxd4 11. e5 Nh5 12. Bg5 f6 13. exf6 Bxf6 14. Bxf6 Qxf6 15. Nxd4
Nxd4 16. cxd4 O-O 17. Nf3 Nf4 18. h4 Rae8 19. Re1 Re7 20. Re5 Ref7 21. Bf1 Qg7
22. Ng5 Rf6 23. g3 h6 24. Nf3 Nh5 25. Bg2 Bc8 26. Re2 R6f7 27. Ne5 Rc7 28. Rc1
Rxc1 29. Qxc1 Ba6 30. Rc2 Qf6 31. Qe3 Qf5 32. Rc7 g5 33. hxg5 hxg5 34. Bh3 Qb1+
35. Kh2 Ng7 36. Ng6 Rf7 37. Rxf7 Kxf7 38. Ne5+ Kf6 39. Ng4+ Kg6 40. Qe5 1-0

[Event "Women's Speed Chess GP3"]
[Site "chess.com INT"]
[Date "2020.07.08"]
[Round "1.9"]
[White "Cori T., Deysi"]
[Black "Ushenina, Anna"]
[Result "1-0"]
[WhiteTitle "WGM"]
[BlackTitle "GM"]
[WhiteElo "2388"]
[BlackElo "2416"]
[WhiteFideId "3801934"]
[BlackFideId "14110911"]
[EventDate "2020.07.08"]
[EventType "k.o. blitz"]

1. Nf3 d5 2. e3 Nf6 3. d4 e6 4. Nbd2 Bd6 5. Bd3 O-O 6. O-O b6 7. c4 Bb7 8. Qc2
Nbd7 9. e4 dxe4 10. Nxe4 Nxe4 11. Bxe4 Bxe4 12. Qxe4 c5 13. Rd1 Qc7 14. Bg5 h6
15. Bh4 Rfe8 16. Rac1 Rac8 17. Rc3 Be7 18. Bg3 Nf6 19. Qe2 Qb7 20. b3 Rcd8 21.
Re3 cxd4 22. Nxd4 Bc5 23. Red3 Rd7 24. Be5 Be7 25. h3 Qe4 26. Bxf6 Qxe2 27. Nxe2
Rxd3 28. Rxd3 Bxf6 29. Rd7 Re7 30. Rd8+ Kh7 31. f4 g5 32. Kf2 Kg6 33. Kf3 Rc7
34. Rd1 h5 35. g4 hxg4+ 36. hxg4 gxf4 37. Nxf4+ Kg7 38. Nh5+ Kg6 39. Nf4+ Kg7
40. Ke4 Bg5 41. Nh5+ Kg6 42. Rd6 Rc8 43. Rd7 a5 44. Rb7 Rc6 45. Ng3 Rd6 46. Ne2
Rd2 47. Nd4 Rxa2 48. Rxb6 Bf6 49. Nf3 Rb2 50. c5 Re2+ 51. Kd3 Rf2 52. Nd2 Rg2
53. c6 Be5 54. Nc4 Bh2 55. Rb5 Rxg4 56. Rxa5 Kf6 57. Ra1 Ke7 58. Rh1 Bc7 59. Rh8
Rg3+ 60. Kc2 Rg2+ 61. Kd3 Rg4 62. Kc2 Rg3 63. Rc8 Rg2+ 64. Kc3 Bf4 65. Kb4 f5
66. c7 Kd7 67. Nb6+ Ke7 68. Re8+ Kxe8 69. c8=Q+ Ke7 70. Qd7+ Kf6 71. Nc4 Rg4 72.
Qd8+ Kg6 73. Qg8+ Kf6 74. Qf8+ Kg6 75. Qe7 e5 76. Qe6+ Kg5 77. Kb5 e4 78. Nd6
Bxd6 79. Qxd6 1-0

[Event "Women's Speed Chess GP3"]
[Site "chess.com INT"]
[Date "2020.07.08"]
[Round "1.10"]
[White "Ushenina, Anna"]
[Black "Cori T., Deysi"]
[Result "1-0"]
[WhiteTitle "GM"]
[BlackTitle "WGM"]
[WhiteElo "2416"]
[BlackElo "2388"]
[WhiteFideId "14110911"]
[BlackFideId "3801934"]
[EventDate "2020.07.08"]
[EventType "k.o. blitz"]

1. d4 e6 2. Nf3 c5 3. c3 Nc6 4. Bf4 cxd4 5. cxd4 Qb6 6. Qd2 Bb4 7. Nc3 Nf6 8. a3
Ne4 9. Qc2 Nxc3 10. bxc3 Ba5 11. e3 O-O 12. Bd3 d5 13. Bxh7+ Kh8 14. Bd3 f5 15.
O-O Bd7 16. c4 Rac8 17. c5 Qd8 18. Qb2 b6 19. Rfc1 bxc5 20. Rxc5 Rb8 21. Bxb8 1-0

[Event "Women's Speed Chess GP3"]
[Site "chess.com INT"]
[Date "2020.07.08"]
[Round "1.11"]
[White "Cori T., Deysi"]
[Black "Ushenina, Anna"]
[Result "0-1"]
[WhiteTitle "WGM"]
[BlackTitle "GM"]
[WhiteElo "2388"]
[BlackElo "2416"]
[WhiteFideId "3801934"]
[BlackFideId "14110911"]
[EventDate "2020.07.08"]
[EventType "k.o. blitz"]

1. Nf3 d5 2. e3 Nf6 3. b3 e6 4. Bb2 b6 5. d4 Bb7 6. Nbd2 Nbd7 7. Ne5 Bd6 8. Bd3
O-O 9. O-O c5 10. f4 Qc7 11. Kh1 Rad8 12. Rc1 Ne4 13. c4 Ndf6 14. cxd5 exd5 15.
Qe2 Qe7 16. dxc5 Nxc5 17. Ndf3 Nxd3 18. Qxd3 Ne4 19. Nc6 Bxc6 20. Rxc6 Rfe8 21.
g3 Bc5 22. Kg2 f6 23. a3 Qd7 24. Rxc5 Nxc5 25. Qc3 Ne4 26. Qd3 Nc5 27. Qc3 Re7
28. b4 Na4 29. Qb3 Nxb2 30. Qxb2 Rxe3 31. Nd4 Rde8 32. Rf2 Qe7 0-1

[Event "Women's Speed Chess GP3"]
[Site "chess.com INT"]
[Date "2020.07.08"]
[Round "1.12"]
[White "Ushenina, Anna"]
[Black "Cori T., Deysi"]
[Result "1-0"]
[WhiteTitle "GM"]
[BlackTitle "WGM"]
[WhiteElo "2416"]
[BlackElo "2388"]
[WhiteFideId "14110911"]
[BlackFideId "3801934"]
[EventDate "2020.07.08"]
[EventType "k.o. blitz"]

1. d4 Nf6 2. Nf3 c5 3. dxc5 Qa5+ 4. Nc3 Ne4 5. Qd4 Nxc3 6. Bd2 Na6 7. Bxc3 Qxc5
8. e4 Qxd4 9. Nxd4 Nc5 10. f3 a6 11. a4 e6 12. b4 e5 13. bxc5 exd4 14. Bxd4 d6
15. cxd6 Bxd6 16. Bxg7 Rg8 17. Bd4 Be6 18. Kf2 Rc8 19. Bd3 Ke7 20. Rab1 Rc7 21.
e5 Ba3 22. Bxh7 Rd8 23. Be3 Rd5 24. Bd3 Bc5 25. Bxc5+ Rdxc5 26. f4 Bc4 27. Rhe1
Bxd3 28. cxd3 Rc3 29. Re3 Ra3 30. g4 Rxa4 31. Kf3 b5 32. h4 Rc2 33. h5 Kf8 34.
Rh1 b4 35. h6 Kg8 36. g5 b3 37. f5 b2 38. g6 fxg6 39. fxg6 Kh8 40. g7+ Kh7 41.
Rg1 1-0

[Event "Women's Speed Chess GP3"]
[Site "chess.com INT"]
[Date "2020.07.08"]
[Round "1.13"]
[White "Cori T., Deysi"]
[Black "Ushenina, Anna"]
[Result "1-0"]
[WhiteTitle "WGM"]
[BlackTitle "GM"]
[WhiteElo "2388"]
[BlackElo "2416"]
[WhiteFideId "3801934"]
[BlackFideId "14110911"]
[EventDate "2020.07.08"]
[EventType "k.o. blitz"]

1. d4 d5 2. Nf3 Nf6 3. e3 e6 4. Nbd2 c5 5. b3 Nc6 6. Bb2 Bd6 7. a3 O-O 8. Bd3
Qc7 9. O-O b6 10. c4 cxd4 11. exd4 Bb7 12. Rc1 Qe7 13. b4 dxc4 14. Nxc4 Nd5 15.
Nce5 Rac8 16. Re1 Bb8 17. Nxc6 Rxc6 18. Rxc6 Bxc6 19. Bxh7+ Kxh7 20. Qc2+ Kg8
21. Qxc6 Qf6 22. Ne5 Qf4 23. g3 Qd2 24. Qc1 Qxc1 25. Rxc1 Bxe5 26. dxe5 Rd8 27.
Rc2 Kf8 28. Kg2 Ke7 29. Kf3 Kd7 30. Ke2 g5 31. Bd4 Rh8 32. Kf3 Rxh2 33. Kg4 Rh1
34. Rd2 Ke7 35. Kxg5 Rb1 36. g4 Rb3 37. f4 Rxa3 38. f5 exf5 39. gxf5 Rg3+ 40.
Kh4 Rg8 41. b5 Nc7 42. Bc3 Nxb5 43. Bb4+ Ke8 44. f6 Nc7 45. Be7 Ne6 46. Rc2 Kd7
47. Rd2+ Kc6 48. Rd6+ Kc7 49. Rxe6 fxe6 50. f7 Rh8+ 51. Kg5 Kd7 52. f8=Q Rxf8
53. Bxf8 Kc6 54. Kf6 Kd5 55. Bd6 b5 56. Bb4 a6 57. Ba5 Kc4 58. Kxe6 b4 59. Bxb4
Kxb4 60. Kd7 a5 61. e6 a4 62. e7 a3 63. e8=Q a2 64. Qe1+ Kb3 65. Qa1 Ka3 66. Kc6
Kb3 67. Kd5 1-0

[Event "Women's Speed Chess GP3"]
[Site "chess.com INT"]
[Date "2020.07.08"]
[Round "1.1"]
[White "Harika, Dronavalli"]
[Black "Abrahamyan, Tatev"]
[Result "1-0"]
[WhiteTitle "GM"]
[BlackTitle "WGM"]
[WhiteElo "2515"]
[BlackElo "2358"]
[WhiteFideId "5015197"]
[BlackFideId "13301918"]
[EventDate "2020.07.08"]
[EventType "k.o. blitz"]

1. d4 f5 2. Nf3 Nf6 3. g3 g6 4. Bg2 Bg7 5. O-O O-O 6. b3 d6 7. Bb2 c6 8. Nbd2
Na6 9. e3 Nc7 10. c4 h6 11. Qc2 Qe8 12. Rae1 Qf7 13. e4 fxe4 14. Nxe4 Bf5 15.
Nh4 Nxe4 16. Bxe4 Rad8 17. f4 d5 18. Bxf5 gxf5 19. Nf3 e6 20. Re2 Kh7 21. Rfe1
Rg8 22. Kh1 Bf6 23. Qd3 Rg6 24. Ba3 Qg7 25. Ne5 Bxe5 26. Rxe5 h5 27. cxd5 Rxd5
28. Rxd5 Nxd5 29. Bd6 Rg4 30. Rxe6 Qf7 31. Re5 Rg6 32. Rxf5 Qe6 33. Be5 Kg8 34.
Rxh5 Ne7 35. Rh8+ Kf7 36. Rh5 Qd5+ 37. Kg1 c5 38. Rh7+ Ke6 39. Rxe7+ Kxe7 40.
Qxg6 1-0

[Event "Women's Speed Chess GP3"]
[Site "chess.com INT"]
[Date "2020.07.08"]
[Round "1.2"]
[White "Abrahamyan, Tatev"]
[Black "Harika, Dronavalli"]
[Result "0-1"]
[WhiteTitle "WGM"]
[BlackTitle "GM"]
[WhiteElo "2358"]
[BlackElo "2515"]
[WhiteFideId "13301918"]
[BlackFideId "5015197"]
[EventDate "2020.07.08"]
[EventType "k.o. blitz"]

1. e4 e5 2. Nf3 Nf6 3. Nxe5 d6 4. Nf3 Nxe4 5. Nc3 Nf6 6. d4 g6 7. Bf4 Bg7 8. Qd2
a6 9. O-O-O O-O 10. Bh6 b5 11. Bxg7 Kxg7 12. Bd3 Nbd7 13. h4 h5 14. Ng5 Bb7 15.
f3 c5 16. dxc5 Nxc5 17. Rhe1 Rc8 18. Kb1 d5 19. Ne2 Qd6 20. Nf4 Rce8 21. Rg1 Qe5
22. g4 Nxd3 23. cxd3 hxg4 24. fxg4 Qe3 25. Qh2 d4 26. h5 Rh8 27. Rdf1 Re7 28.
Qc2 Qe5 29. Nfh3 Qe2 30. Qc5 Qxd3+ 31. Ka1 Rhe8 32. a3 Bd5 33. Qc1 Qb3 34. Qb1
Re3 35. hxg6 fxg6 36. Nf4 Be4 37. Nxe4 Nxe4 38. Qc1 Nc3 39. bxc3 Rxc3 40. Qb2
Qa4 41. Ka2 Rc2 0-1

[Event "Women's Speed Chess GP3"]
[Site "chess.com INT"]
[Date "2020.07.08"]
[Round "1.3"]
[White "Harika, Dronavalli"]
[Black "Abrahamyan, Tatev"]
[Result "1-0"]
[WhiteTitle "GM"]
[BlackTitle "WGM"]
[WhiteElo "2515"]
[BlackElo "2358"]
[WhiteFideId "5015197"]
[BlackFideId "13301918"]
[EventDate "2020.07.08"]
[EventType "k.o. blitz"]

1. c4 Nf6 2. d4 e6 3. Nc3 Bb4 4. e3 O-O 5. Bd2 d5 6. Nf3 b6 7. cxd5 exd5 8. Rc1
Bf5 9. Ne5 c5 10. Be2 c4 11. O-O a6 12. Bf3 Be7 13. Nxc4 Ra7 14. Ne5 Rc7 15. Qe2
Nc6 16. Nxc6 Rxc6 17. Qxa6 Qd7 18. Qb5 1-0

[Event "Women's Speed Chess GP3"]
[Site "chess.com INT"]
[Date "2020.07.08"]
[Round "1.4"]
[White "Abrahamyan, Tatev"]
[Black "Harika, Dronavalli"]
[Result "0-1"]
[WhiteTitle "WGM"]
[BlackTitle "GM"]
[WhiteElo "2358"]
[BlackElo "2515"]
[WhiteFideId "13301918"]
[BlackFideId "5015197"]
[EventDate "2020.07.08"]
[EventType "k.o. blitz"]

1. e4 e5 2. Nf3 Nf6 3. Nxe5 d6 4. Nf3 Nxe4 5. Nc3 Nf6 6. d4 Be7 7. Bg5 O-O 8.
Qd2 Bg4 9. Be2 Nbd7 10. O-O-O Nb6 11. h3 Bxf3 12. Bxf3 c6 13. h4 d5 14. Rde1 Nc4
15. Qd3 Re8 16. g4 Qb6 17. Nd1 a5 18. Bf4 Bd6 19. Bxd6 Nxd6 20. g5 Nfe4 21. Bg4
a4 22. f3 Ng3 23. Rhg1 Rxe1 24. Rxe1 a3 25. b3 g6 26. Ne3 Re8 27. Kd2 Qc7 28. c3
Re7 29. Rg1 Ngf5 30. Ng2 c5 31. dxc5 Qxc5 32. Re1 Rxe1 33. Kxe1 d4 34. cxd4 Nxd4
35. Ne3 Qc1+ 36. Nd1 Qf4 37. Qe3 Nc2+ 0-1

[Event "Women's Speed Chess GP3"]
[Site "chess.com INT"]
[Date "2020.07.08"]
[Round "1.5"]
[White "Harika, Dronavalli"]
[Black "Abrahamyan, Tatev"]
[Result "1-0"]
[WhiteTitle "GM"]
[BlackTitle "WGM"]
[WhiteElo "2515"]
[BlackElo "2358"]
[WhiteFideId "5015197"]
[BlackFideId "13301918"]
[EventDate "2020.07.08"]
[EventType "k.o. blitz"]

1. c4 Nf6 2. Nc3 e6 3. d4 Bb4 4. e3 O-O 5. Bd2 Re8 6. Bd3 b6 7. Nf3 Bb7 8. O-O
d5 9. cxd5 exd5 10. Ne5 Bd6 11. f4 a6 12. Rc1 c5 13. Be1 cxd4 14. exd4 Nbd7 15.
Bh4 Be7 16. Qf3 Nf8 17. Rfe1 Ne6 18. Bf2 Rc8 19. f5 Ng5 20. Qf4 Nge4 21. Nxe4
Nxe4 22. Rxc8 Qxc8 23. Be3 Bd6 24. Bxe4 dxe4 25. f6 Qe6 26. Rf1 Qxf6 27. Qxf6
gxf6 28. Rxf6 Bxe5 29. dxe5 Rxe5 30. Rxb6 Rb5 31. Rxb5 axb5 32. b3 Kg7 33. a4
bxa4 34. bxa4 Kf6 35. Kf2 Ke5 36. a5 f5 37. g3 Ba6 38. Bb6 Bb5 39. Ke3 Ba6 40.
Bc7+ Ke6 41. Kd4 Kd7 42. Bf4 Kc6 43. Ke5 Bc8 44. Kf6 Kb5 45. Kg7 Kxa5 46. Kxh7
Kb4 47. h4 Bd7 48. h5 Be8 49. h6 1-0

[Event "Women's Speed Chess GP3"]
[Site "chess.com INT"]
[Date "2020.07.08"]
[Round "1.6"]
[White "Abrahamyan, Tatev"]
[Black "Harika, Dronavalli"]
[Result "1/2-1/2"]
[WhiteTitle "WGM"]
[BlackTitle "GM"]
[WhiteElo "2358"]
[BlackElo "2515"]
[WhiteFideId "13301918"]
[BlackFideId "5015197"]
[EventDate "2020.07.08"]
[EventType "k.o. blitz"]

1. e4 d6 2. d4 Nf6 3. Nc3 g6 4. Be3 a6 5. f3 Nbd7 6. Qd2 b5 7. g4 Bb7 8. h4 h5
9. gxh5 Nxh5 10. Bd3 Bg7 11. Nge2 c5 12. dxc5 dxc5 13. Nf4 Ne5 14. O-O-O c4 15.
Nxh5 Rxh5 16. Be2 Qxd2+ 17. Rxd2 Rh8 18. f4 Nd7 19. Nd5 Bxd5 20. Rxd5 Nf6 21.
Rd4 Nh5 22. Rd2 Ng3 23. Rh2 Nxe2+ 24. Rdxe2 O-O-O 25. Bc5 Rd7 26. e5 Bh6 27. Be3
Rhd8 28. Rd2 f6 29. exf6 exf6 30. h5 Rxd2 31. Bxd2 g5 32. fxg5 fxg5 33. Rg2 Rd5
34. c3 Kd7 35. Kc2 Ke6 36. Rf2 Rf5 37. Re2+ Re5 38. Rf2 Bg7 39. Rg2 Bh6 40. Rf2
Rf5 41. Re2+ Re5 42. Rf2 1/2-1/2

[Event "Women's Speed Chess GP3"]
[Site "chess.com INT"]
[Date "2020.07.08"]
[Round "1.7"]
[White "Harika, Dronavalli"]
[Black "Abrahamyan, Tatev"]
[Result "0-1"]
[WhiteTitle "GM"]
[BlackTitle "WGM"]
[WhiteElo "2515"]
[BlackElo "2358"]
[WhiteFideId "5015197"]
[BlackFideId "13301918"]
[EventDate "2020.07.08"]
[EventType "k.o. blitz"]

1. c4 Nf6 2. Nc3 e6 3. Nf3 d5 4. d4 dxc4 5. Qa4+ c6 6. Qxc4 b5 7. Qd3 Be7 8. e4
O-O 9. Bg5 a6 10. Be2 Bb7 11. O-O Nbd7 12. Rfd1 c5 13. d5 exd5 14. exd5 Re8 15.
Bf1 Bd6 16. Re1 Qc7 17. h3 h6 18. Bxf6 Nxf6 19. Nh4 c4 20. Qd4 Bc5 21. Qd2 b4
22. Na4 Ne4 23. Rxe4 Rxe4 24. Nf5 Bf8 25. d6 Qc6 26. Qxb4 c3 27. Qxc3 Rxa4 28.
Qg3 Kh7 29. Re1 Re8 30. Ne7 Bxe7 31. Bd3+ g6 32. dxe7 Rd4 33. h4 Qd6 34. Qxd6
Rxd6 35. Bc4 Kg7 36. h5 Rd7 37. hxg6 fxg6 38. Re6 Rdxe7 39. Rb6 Rc7 40. Bd3 Bc6
41. Rxa6 Re1+ 42. Kh2 Rd1 43. Bc4 Rd2 44. f3 Bxf3 45. Kg3 Bxg2 46. Bb3 Rxb2 47.
Rb6 Rc3+ 48. Kf4 Rf2+ 49. Ke5 Re3+ 50. Kd4 Re4+ 51. Kc5 Rf5+ 52. Kc6 Rf6+ 53.
Kc7 Rxb6 54. Kxb6 h5 55. a4 Rb4+ 56. Kc5 Rxb3 0-1